000 00567nam a2200241Ia 4500
005 20250425162040.0
008 250425s9999 xx 000 0 und d
020 _a8423986322
041 _aspa
043 _asp
082 _a925
100 _aALFONSECA MORENO, MANUEL
245 0 _aGRANDES CIENTIFICOS DE LA HUMANIDAD: A-L
250 _aS.E.
260 _aEspaƱa
_bESPASA CALPE
_c1999
260 _aMADRID
300 _a136
650 _aBIOGRAFIAS
650 _aBIOGRAFIAS-DICCIONARIOS
650 _aCIENTIFICOS
942 _c01
010 _a42763
999 _c221310
_d221310